Celebrity Kindergarten Quiz Stats

 Plays Quiz Updated Dec 22, 2013

Support Sporcle.
Go Orange.
Score 0/16 Timer 03:00
2 Plays Today
Famous Persons % Correct
Kim Kardashian
92%
Beyoncé Knowles
81.4%
Mila Kunis
81.2%
Lisa Kudrow
79.3%
Ben Kingsley
51.7%
Keira Knightley
49.6%
Michael Keaton
44.9%
Toby Keith
38.3%
Famous Persons % Correct
Kris Kristofferson
37%
Greg Kinnear
34.8%
Henry Kissinger
32.2%
Heidi Klum
30.9%
Nancy Kerrigan
23.6%
Lenny Kravitz
20.6%
Calvin Klein
5.2%
Akira Kurosawa
3.8%

You're not logged in!

Compare scores with friends on all Sporcle quizzes.
OR
Log In
Forgot?

From the Vault

Video Game Keychains

by timmylemoine1

Gaming 7m
These are just the thing to add a little something to your boring old key ring.
Remove Ads.
Support Sporcle.
Get the best of Sporcle when you Go Orange. This ad-free experience offers more features, more stats, and more fun while also helping to support Sporcle. Thank you for becoming a member.

Show Comments

Extras

Top Quizzes Today


Score Distribution

Your Account Isn't Verified!

In order to create a playlist on Sporcle, you need to verify the email address you used during registration. Go to your Sporcle Settings to finish the process.

Report this User

Report this user for behavior that violates our Community Guidelines.

Details: